000 00772nam a2200205Ia 4500
003 GCL
008 140319s9999 xx 000 0 ara d
020 _a3278009957
040 _aGCL /
_cGCL
082 0 4 _a155.4
_bع ا
100 1 _aعماد عبدالرحيم الزغول
245 1 0 _aالاضطرابات الانفعالية والسلوكية لدى الاطفال /
_cعماد عبدالرحيم الزغول
260 _aالاردن :
_bدار الشروق للنشر والتوزيع ،
_c2006
300 _a208 ص ؛
_c24 سم
650 0 4 _aالاضطرابات النفسية
650 0 4 _aالاطفال - علم نفس
650 0 4 _aالاطفال - امراض - علم نفس
650 0 4 _aالاطفال - عناية صحية
942 _2ddc
_cBK
999 _c10156
_d10156